Process dynamics and control (Record no. 10199)

MARC details
000 -LEADER
fixed length control field 00788nam a2200241Ia 4500
003 - CONTROL NUMBER IDENTIFIER
control field IN-BaIIA
008 - FIXED-LENGTH DATA ELEMENTS--GENERAL INFORMATION
fixed length control field 211028s9999 xx 000 0 eng d
020 ## - INTERNATIONAL STANDARD BOOK NUMBER
International Standard Book Number 978-0-471-85933-8
040 ## - CATALOGING SOURCE
Transcribing agency IIA Library
080 ## - UNIVERSAL DECIMAL CLASSIFICATION NUMBER
Universal Decimal Classification number 681.31
Item number SEB
100 ## - MAIN ENTRY--PERSONAL NAME
Personal name Seborg, Dale E.
9 (RLIN) 17308
245 #0 - TITLE STATEMENT
Title Process dynamics and control
Statement of responsibility, etc. Dale E. Seborg, Thomas F. Edgar and Duncan A. Mellichamp
260 ## - PUBLICATION, DISTRIBUTION, ETC.
Place of publication, distribution, etc. New York
Name of publisher, distributor, etc. John Wiley & Sons
Date of publication, distribution, etc. 1989
300 ## - PHYSICAL DESCRIPTION
Extent xvi, 717p.
490 ## - SERIES STATEMENT
Series statement Wiley series in chemical engineering
650 ## - SUBJECT ADDED ENTRY--TOPICAL TERM
Topical term or geographic name entry element Control theory
9 (RLIN) 5165
650 ## - SUBJECT ADDED ENTRY--TOPICAL TERM
Topical term or geographic name entry element Dynamic control
9 (RLIN) 17309
650 ## - SUBJECT ADDED ENTRY--TOPICAL TERM
Topical term or geographic name entry element Feedback control
9 (RLIN) 3308
650 ## - SUBJECT ADDED ENTRY--TOPICAL TERM
Topical term or geographic name entry element NASA Thesaurus
700 ## - ADDED ENTRY--PERSONAL NAME
Personal name Edgar, Thomas F.
9 (RLIN) 17310
700 ## - ADDED ENTRY--PERSONAL NAME
Personal name Mellichamp, Duncan A.
9 (RLIN) 17311
942 ## - ADDED ENTRY ELEMENTS (KOHA)
Koha item type Books
Holdings
Withdrawn status Lost status Damaged status Not for loan Home library Current library Shelving location Date acquired Cost, normal purchase price Total Checkouts Full call number Barcode Date last seen Cost, replacement price Price effective from Koha item type Purchase Price
        IIA Library-Bangalore IIA Library-Bangalore General Stacks 04/07/1991 299.70   681.31/ SEB 11109 05/11/2021 299.70 04/07/1991 Books Rs. 299.70

Powered by Koha